Statistics for NFL MVP's who passed away

Click here to take the quiz!

General Stats

  • This quiz has been taken 33 times
    (7 since last reset)
  • The average score is 5 of 11

Answer Stats

YODMVPPositionTeamAODPlayer% Correct
20231957, 1958, 1965RBCLE87Jim Brown
100%
20191966QBGBP85Bart Starr
80%
20021959 1964 1967QBBAC69Johnny Unitas
60%
19991977RBCHI45Walter Payton
60%
20151974QBOAK69Ken Stabler
40%
19831960QBPHI57Norm Van Brocklin
40%
20092003QBTEN36Steve McNair
40%
20171963QBNYG90Y.A. Tittle
40%
20141968QBBAC79Earl Morrall
20%
20181962FBGBP83Jim Taylor
20%
20201961RBGBP84Paul Hornung
20%

Score Distribution

Percentile by Number Answered

Percent of People with Each Score

Your Score History

You have not taken this quiz since the last reset